Gaming Quiz

Random Gaming Quiz

Name all 80 Skylanders Quiz Stats

 Plays Quiz not verified by Sporcle

Support Sporcle.
Go Orange.
Score 0/80 Timer 15:00
0 Plays Today
Type of Skylander Skylander % Correct
Regular Skylander (Series 1)Spyro
91%
Regular Skylander (Series 1)Trigger Happy
77.4%
Regular Skylander (Series 1)Gill Grunt
74.8%
Regular Skylander (Series 1)Wrecking Ball
73%
Regular Skylander (Series 1)Double Trouble
71.8%
Regular Skylander (Series 1)Cynder
71.4%
Regular Skylander (Series 1)Zap
71.2%
Regular Skylander (Series 1)Voodood
70.9%
Regular Skylander (Series 1)Stealth Elf
70.5%
Regular Skylander (Series 1)Eruptor
70.4%
Regular Skylander (Series 2)Pop Fizz
70.2%
Regular Skylander (Series 1)Bash
69.6%
Regular Skylander (Series 1)Chop Chop
69.4%
Regular Skylander (Series 1)Drobot
69.2%
Regular Skylander (Series 1)Slam Bam
69.2%
Regular Skylander (Series 1)Hex
69.1%
Giant Skylander (Series 2)Tree Rex
68.4%
Giant Skylander (Series 2)Ninjini
68.2%
Regular Skylander (Series 1)Boomer
67.8%
Regular Skylander (Series 2)Jet-Vac
66.9%
Regular Skylander (Series 1)Terrafin
66.1%
Regular Skylander (Series 1)Whirlwind
65.1%
Regular Skylander (Series 1)Sonic Boom
64.8%
Regular Skylander (Series 1)Stump Smash
64.8%
Regular Skylander (Series 2)Hot Dog
64.3%
Regular Skylander (Series 1)Flameslinger
64.2%
Regular Skylander (Series 1)Zook
64.2%
Regular Skylander (Series 1)Camo
64%
Regular Skylander (Series 1)Prism Break
63.8%
Giant Skylander (Series 2)Bouncer
63.7%
Giant Skylander (Series 2)Eye-Brawl
63.7%
Regular Skylander (Series 2)Chill
63.5%
Regular Skylander (Series 1)Dino-Rang
63.3%
Regular Skylander (Series 1)Wham-Shell
62.7%
Giant Skylander (Series 2)Hot Head
62.7%
Regular Skylander (Series 2)Sprocket
62.5%
Regular Skylander (Series 1)Sunburn
62.4%
Giant Skylander (Series 2)Crusher
62.4%
Regular Skylander (Series 1)Drill Sergeant
61.9%
Regular Skylander (Series 1)Warnado
61.9%
Type of Skylander Skylander % Correct
Giant Skylander (Series 2)Thumpback
61.9%
Giant Skylander (Series 2)Swarm
61.7%
Regular Skylander (Series 1)Ghost Roaster
61.2%
Regular Skylander (Series 1)Ignitor
60.9%
Regular Skylander (Series 2)Flashwing
60.7%
SWAP Force Skylander (Series 3)Wash Buckler
60.2%
SWAP Force Skylander (Series 3)Blast Zone
60.1%
Regular Skylander (Series 1)Lightning Rod
59.9%
Regular Skylander (Series 2)Shroomboom
58.3%
Regular Skylander (Series 2)Fright Rider
57.1%
SWAP Force Skylander (Series 3)Hoot Loop
55.8%
SWAP Force Skylander (Series 3)Stink Bomb
55.5%
SWAP Force Skylander (Series 3)Trap Shadow
54.7%
SWAP Force Skylander (Series 3)Fire Kraken
53.8%
SWAP Force Skylander (Series 3)Magna Charge
53.2%
SWAP Force Skylander (Series 3)Spy Rise
52.7%
SWAP Force Skylander (Series 3)Doom Stone
52.7%
SWAP Force Skylander (Series 3)Night Shift
51.9%
SWAP Force Skylander (Series 3)Free Ranger
51.7%
SWAP Force Skylander (Series 3)Boom Jet
51.4%
SWAP Force Skylander (Series 3)Freeze Blade
50.6%
Regular Skylander (Series 3) Star Strike
50.2%
Regular Skylander (Series 3)Countdown
49.8%
Regular Skylander (Series 3)Roller Brawl
49.8%
SWAP Force Skylander (Series 3)Grilla Drilla
49.6%
Regular Skylander (Series 3)Fryno
48.3%
Regular Skylander (Series 3)Dune Bug
47.8%
Regular Skylander (Series 3)Pop Thorn
47.8%
SWAP Force Skylander (Series 3)Rubble Rouser
47.5%
Regular Skylander (Series 3)Wind-Up
47%
Regular Skylander (Series 3)Scorp
46.6%
Regular Skylander (Series 3)Rip Tide
46.5%
Regular Skylander (Series 3)Slobber Tooth
45.3%
Regular Skylander (Series 3)Scratch
45.3%
Regular Skylander (Series 3)Grim Creeper
45.2%
Regular Skylander (Series 3)Smolderdash
44.8%
Regular Skylander (Series 3)Bumble Blast
44.7%
Regular Skylander (Series 3)Punk Shock
42.1%
SWAP Force Skylander (Series 3)Rattle Snake
35.7%
Regular Skylander (Series 3)Zou Lou
29.5%

You're not logged in!

Compare scores with friends on all Sporcle quizzes.
OR
Log In

From the Vault

Letters from the States

by caramba

It's always nice to receive a letter from someone in the mail, even if they are a state.
Remove Ads.
Support Sporcle.
Get the best of Sporcle when you Go Orange. This ad-free experience offers more features, more stats, and more fun while also helping to support Sporcle. Thank you for becoming a member.

Show Comments

Extras

Created Oct 10, 2013ReportNominate
Tags:Skylanders, Slander

Top Quizzes Today


Score Distribution

Your Account Isn't Verified!

In order to create a playlist on Sporcle, you need to verify the email address you used during registration. Go to your Sporcle Settings to finish the process.

Report this User

Report this user for behavior that violates our Community Guidelines.

Details: